Statistics for 20 or More Sacks in a Season

Click here to take the quiz!

General Stats

  • This quiz has been taken 42 times
  • The average score is 9 of 11

Answer Stats

SacksPlayerYearTeam% Correct
20.5JJ Watt2014Houston Texans
100%
20.5JJ Watt2012Houston Texans
100%
20.5Lawrence Taylor1986New York Giants
95%
22.5Michael Strahan2001New York Giants
95%
21.0Reggie White1987Philadelphia Eagles
93%
20.0DeMarcus Ware2008Dallas Cowboys
85%
22.0Jared Allen2011Minnesota Vikings
75%
22.0Justin Houston2014Kansas City Chiefs
70%
20.0Derrick Thomas1990Kansas City Chiefs
68%
22.0Mark Gastineau1984New York Jets
48%
21.0Chris Doleman1989Minnesota Vikings
33%

Score Distribution

Percentile by Number Answered

Percent of People with Each Score

Your Score History

You have not taken this quiz